El camino de la revolución universitaria

Gorde:
Xehetasun bibliografikoak
Egile nagusia: Scherz García, Luis (Egilea)
Erakunde egilea: Corporación de Promoción Universitaria (Egilea)
Formatua: Liburua
Hizkuntza:gaztelania
Argitaratua: Santiago Del Pacífico 1968
Edizioa:1a. ed
Gaiak:
Etiketak: Etiketa erantsi
Etiketarik gabe, Izan zaitez lehena erregistro honi etiketa jartzen!

MARC

LEADER 00000nam a2200000 a 4500
001 UCJ8742
003 CL-VaPUC
008 070124e19680716CL |||||||||||||||||spa|d
082 0 4 |a 378  |b SCH  |2 21 
100 0 |a Scherz García, Luis  |e author  |9 517820 
110 2 |a Corporación de Promoción Universitaria  |e author  |9 517821 
245 1 3 |a El camino de la revolución universitaria 
250 |a 1a. ed 
300 |a 180 p 
942 |c BK 
945 |d 20070124 00:00:00  |a fvergara 
260 |a Santiago  |b Del Pacífico  |c 1968 
500 |a Luis Scherz nación en 1926. Fue Ingeniero Químico y académico de nuestra universidad. Estudió sociología en New Orleans y se doctoró en Filosofía y Ciencias Sociales en Münster, Alemania 
650 0 |a Universidades  |9 256317 
650 0 |a Archivo histórico PUCV  |9 255554 
650 0 |a Educación superior   |9 223851 
650 0 |a Revolución cultural  |9 340386 
650 0 |a Reforma universitaria   |9 307515 
650 7 |a CRISIS  |2 CL-VaPUC  |9 328300 
650 7 |a CONFLICTO  |2 CL-VaPUC  |9 337242 
651 0 |a América Latina   |9 255027 
583 |a last modification  |c 20070124 00:00:00  |k Rodrigo Vera 
999 |c 324395  |d 324393 
952 |0 0  |1 0  |4 0  |6 378_000000000000000_SCH_1968  |7 0  |8 X  |9 404492  |a FDOBUD  |b FDOBUD  |d 2019-11-22  |i 1635980  |o 378 SCH 1968  |p 1635980  |r 2019-11-22  |w 2019-11-22  |y BK_X  |k FHP 
952 |0 0  |1 0  |4 0  |6 378_000000000000000_SCH_1968  |7 0  |8 X  |9 404493  |a FDOBUD  |b FDOBUD  |d 2019-11-22  |i 3631958  |o 378 SCH 1968  |p 3631958  |r 2019-11-22  |w 2019-11-22  |y BK_X  |k FHP